000 00659nam a22002177a 4500
003 UA-OsUOA
001 123811
007 ta
008 20170711b un ||||| |||| 00| 0 ukr d
100 _aПріхно І. М.
090 _a330(477)
_bП77
942 _cSA
040 _aUA-OsUOA
_bukr
_cUA-OsUOA
_dUA-OsUOA
245 _aМеханізми оцінки ефективності фінансування соціальної сфери
300 _aС.55
955 _a0
041 _aukr
080 _a330(477)
773 0 _w123804
_tЕкономіка. Фінанси. Право.
_dК.
_d2017
_g5
650 7 _a330 Економіка взагалі
_2UDC
999 _c410970
_d410970